书目信息 |
| 题名: |
室外给水设计标准
|
|
| 作者: | 中华人民共和国住房和城乡建设部 | |
| 分册: | ||
| 出版信息: | 北京 中国计划出版社 2019.07 |
|
| 页数: | 302页 | |
| 开本: | 20cm | |
| 丛书名: | ||
| 单 册: | ||
| 中图分类: | TU991.03-65 | |
| 科图分类: | ||
| 主题词: | 给水工程:市政工程 , 城市供水系统 | |
| 电子资源: | ||
| ISBN: | ||
| 000 | 00821nam0 2200241 450 | |
| 001 | 29747 | |
| 005 | 20221116141006.23 | |
| 010 | @dCNY101.00 | |
| 091 | @a1551820749 | |
| 100 | @a20201103d2019 km y0chiy0120 ea | |
| 101 | 0 | @achi |
| 102 | @aCN@b110000 | |
| 200 | 1 | @a室外给水设计标准@Ashi wai gei shui she ji biao zhun@eGB 0014-2021@f中华人民共和国住房和城乡建设部@Fzhong hua ren min gong he guo zhu fang he cheng xiang jian she bu |
| 210 | @a北京@c中国计划出版社@d2019.07 | |
| 215 | @a302页@d20cm | |
| 300 | @a1551820749 | |
| 517 | @aGB50014-2021 | |
| 606 | 0 | @a给水工程:市政工程 |
| 606 | 0 | @a城市供水系统 |
| 690 | @aTU991.03-65@v4 | |
| 701 | 0 | @a中华人民共和国住房和城乡建设部@Azhong hua ren min gong he guo zhu fang he cheng xiang jian she bu |
| 801 | 0 | @aCN@c20220910 |
| 905 | @aMUSE@dTU991.03-65@eZ911-2@f1 | |
| 室外给水设计标准:GB 0014-2021/中华人民共和国住房和城乡建设部.-北京:中国计划出版社,2019.07 |
| 302页;20cm |
| 1551820749 |
| ISBN :CNY101.00 |
| ● |
| 相关链接 |
|
|
|
正题名:室外给水设计标准
索取号:TU991.03-65/Z911-2
 
预约/预借
| 序号 | 登录号 | 条形码 | 馆藏地/架位号 | 状态 | 备注 |
| 1 | 1583728 | 215837281 | 建筑库201/201建筑库 130排2列2层/ [索取号:TU991.03-65/Z911-2] | 在馆 |